000 00349nam a22001457a 4500
003 OSt
005 20231025111902.0
008 231025b |||||||| |||| 00| 0 eng d
040 _cIIMT UNIVERSITY
100 _aGOYANDKA, JAYDAYAL
245 _aTATVA CHINTAMANI BHAG - 2
260 _aGORAKHPUR
_bGEETA PRESS
_cNA
300 _a585
942 _2ddc
_c09
999 _c57526
_d57526